| 000 | 00325 a2200097 4500 | ||
|---|---|---|---|
| 245 | 0 | 0 |
_aPrzetwarzanie informacji i komputery - Terminologia Kalkulatory PN-93/T-01016/22 / _cM. P i Handlu. |
| 246 | 1 | 3 | _aPN-93/T-01016/22 |
| 246 | 1 | 3 | _a681.3:651.2:001.4 |
| 260 |
_aWarszawa : _bM. P i Handlu, _c1993. |
||
| 300 |
_a20 stron ; _c30 cm. |
||
| 650 | _aPolska norma | ||
| 999 |
_c20322 _d20322 |
||